[Event "Hamadan Iran op 11th"]
[Site "Hamadan"]
[Date "2012.07.14"]
[Round "6"]
[White "Hooshdarmahjoob, Navid"]
[Black "Valizadeh, Ali"]
[Result "0-1"]
[WhiteElo "2044"]
[BlackElo "2202"]
[PlyCount "86"]
[EventDate "2012.07.11"]
[EventType "swiss"]
[EventRounds "11"]
[EventCountry "IRI"]
[SourceTitle "CBM 149 Extra"]
[Source "ChessBase"]
[SourceDate "2012.08.24"]
[SourceVersion "1"]
[SourceVersionDate "2012.08.24"]
[SourceQuality "1"]

1. Nf3 d5 2. c4 c6 3. g3 Nf6 4. Bg2 Nbd7 5. d4 dxc4 6. a4 a5 7. Nbd2 Nb6 8. Qc2 Nfd5 9. Nxc4 Nb4 10. Qc3 N6d5 11. Qd2 Bf5 12. 0-0 Nc2 13. Nh4 Nxa1 14. Nxf5 e6 15. Nh4 Nb3 16. Qd3 Nxc1 17. Rxc1 Be7 18. Nf3 0-0 19. e4 Nb4 20. Qe3 Rc8 21. Rd1 Qc7 22. h4 Rfd8 23. Bh3 Rb8 24. Nce5 Bf6 25. Ng4 Be7 26. Rc1 c5 27. h5 cxd4 28. Qd2 Qd6 29. e5 Qd5 30. Bg2 Qe4 31. Ngh2 Qd3 32. Qf4 Qf5 33. Qd2 Nd3 34. g4 Qf4 35. Qd1 Nxc1 36. Bf1 Qf5 37. Be2 g6 38. hxg6 hxg6 39. Kg2 Kg7 40. Nf1 Qxg4+ 41. Ng3 Qf4 42. Nh2 Rh8 43. Ng4 Rh4 0-1